US States - In Other Words - Statistics

General Stats
  • This quiz has been taken 88 times
    48 since last reset
  • The average score is 9 of 15
Answer Stats
Hint Answer % Correct
The boat paddle isn't here? Oregon - Oar Gone
73%
Wed a parcel of real estate? Maryland - Marry Land
70%
Spy a number greater than nine, but less than eleven? Tennessee - Ten I See
70%
Submit an inquiry to her? Alaska - I'll Ask Her
68%
She has my marker for a debt? Iowa - I Owe A
68%
Recently-purchased sport pullover? New Jersey - New (Sports) Jersey
65%
Land surrounded by water, but paved for vehicles? Rhode Island - Road Island
65%
A small carbonated beverage? Minnesota - Mini Soda
62%
Nia has a call? California - Call For Nia
59%
Argon has the ability to cut the board? Arkansas - Ar Can Saw
57%
The first native american? Indiana - Indian "A"
57%
The other cowboys aren't going, but _____? Texas - Tex Is (Going)
51%
French say goodbye to the hue? Colorado - Color Adieu
49%
You can't tuck A through D, but you what? Kentucky (Can Tuck "E")
49%
Chief in size or importance? Maine - Main
46%
No matching quizzes found
Score Distribution
Percent of People with Each Score
Percentile by Number Answered
Your Score History
You have not taken this quiz since the last reset